| 000 | 01731cam a22005174i 4500 | ||
|---|---|---|---|
| 003 | PE-LiUPU | ||
| 005 | 20250731165517.0 | ||
| 008 | 191106s2016 mx rb 000 0 spa d | ||
| 020 | _a6070507924 | ||
| 020 | _a9786070507922 | ||
| 035 | _a(Sirsi) a252672 | ||
| 040 |
_aPE-LiUPU _bspa _cPE-LiUPU _erda |
||
| 049 | _aPRUA | ||
| 082 | 0 | 4 |
_a001.4203 _bO73 _220 |
| 100 | 1 |
_aOrtiz Uribe, Frida Gisela, _eautor. |
|
| 245 | 1 | 0 |
_aDiccionario de metodología de la investigación científica / _cFrida Gisela Ortiz Uribe. |
| 250 | _aCuarta edición. | ||
| 264 | 1 |
_aMéxico : _bLimusa, _c2016. |
|
| 300 |
_a266 páginas ; _c24 centímetros |
||
| 336 |
_atext _2rdacontent |
||
| 337 |
_aunmediated _2rdamedia |
||
| 338 |
_avolume _2rdacarrier |
||
| 504 | _aBibliografía: páginas 257-266. | ||
| 505 | 0 | _aDiccionario de metodología de la investigación científica de la letra A a letra Z. | |
| 526 | _aSEG44 | ||
| 526 | _aSEG26 | ||
| 526 | _aP151 | ||
| 526 | _aP150 | ||
| 526 | _aP149 | ||
| 526 | _aP146 | ||
| 526 | _aP145 | ||
| 526 | _aP126 | ||
| 526 | _aP125 | ||
| 526 | _aP92 | ||
| 526 | _aP75 | ||
| 526 | _aP74 | ||
| 526 | _aP27 | ||
| 526 | _aP15 | ||
| 541 | _gF004-000262; | ||
| 650 | 0 | 7 |
_aCiencia _xMetodología _x Enciclopedias y Diccionarios. _2lemb |
| 910 |
_adbm _bjpc _cjpc _d20191106 |
||
| 942 |
_2ddc _cBOOK |
||
| 994 |
_aC0 _bPEPRU |
||
| 596 | _a1 | ||
| 999 |
_a001.4203 O73 _wDEWEY _c31901 _i80741 _f2021-11-4 _g3 _lCCODEBUL1 _mBUL _p16.00 _r0 _sY _tBOOK _u2019-11-6 _xBIBLIOTECA _zTO-MENCIÓN _0COMPRA _1FCOMPR4 _o.STAFF. Colección Ciencias Humanas y Educación _d31901 |
||
| 980 |
_81 _gALBERTO SANCHEZ Responsable de Automatización |
||